Who are these French medalists at the 2024 Olympic Games? - Statistics

General Stats
  • This quiz has been taken 15 times
  • The average score is 12 of 20
Answer Stats
Picture Hint Answer % Correct
Swimming Léon Marchand
93%
Judo Teddy Riner
93%
Basketball Victor Wembanyama
93%
Table Tennis Alexis Lebrun
80%
Table Tennis Felix Lebrun
80%
Swimming Florent Manaudou
80%
Football Alexandre Lacazette
73%
Rugby Sevens Antoine Dupont
73%
Fencing Manon Apithy Brunet, Sara Balzer
60%
Judo Romane Dicko
60%
Triathlon Cassandre Beaugrand
53%
Judo Joan Benjamin Gaba
53%
Cycling Mountain Bike Pauline Ferrand Prévot
53%
Judo Clarisse Agbegnenou
47%
Cycling Track Benjamin Thomas
40%
Taekwondo Althea Laurin
33%
Cycling BMX Racing Joris Daudet, Sylvain André, Romain Mahieu
33%
Surfing Kauli Vaast
33%
Judo Luka Mkheidze
33%
Canoe Slalom Nicolas Gestin
33%
No matching quizzes found
Score Distribution
Percent of People with Each Score
Percentile by Number Answered
Your Score History
You have not taken this quiz